书目信息 |
| 题名: |
科技法学
|
|
| 作者: | 罗玉中 主编 | |
| 分册: | ||
| 出版信息: | 武汉 华中科技大学出版社 2005 |
|
| 页数: | 556页 | |
| 开本: | 23cm | |
| 丛书名: | ||
| 单 册: | ||
| 中图分类: | D922.171 | |
| 科图分类: | ||
| 主题词: | 科技法--法学--中国 , 科技法 , 法学 | |
| 电子资源: | ||
| ISBN: | 7-5609-3327-0 | |
| 000 | 00810nam0 2200265 450 | |
| 001 | 012007989116 | |
| 005 | 20070530095502.29 | |
| 010 | @a7-5609-3327-0@dCNY45.00 | |
| 100 | @a20070526d2005 km y0chiy0120 ea | |
| 101 | 0 | @achi |
| 102 | @aCN@b420000 | |
| 105 | @ay z 000yy | |
| 106 | @ar | |
| 200 | 1 | @a科技法学@Ake ji fa xue@f罗玉中主编@Fluo yu zhong zhu bian |
| 210 | @a武汉@c华中科技大学出版社@d2005 | |
| 215 | @a556页@d23cm | |
| 300 | @a普通高等教育“十五”国家级规划教材 | |
| 330 | @a本书共分八篇,内容包括科技法基本原理、科技进步的基本法律制度、研究开发法律制度、国际科技合作法律制度等。 | |
| 606 | 0 | @a科技法@x法学@y中国 |
| 606 | 0 | @a科技法 |
| 606 | 0 | @a法学 |
| 690 | @aD922.171@v4 | |
| 701 | 0 | @a罗玉中@Aluo yu zhong@4主编 |
| 801 | 0 | @aCN@bRULIN@c20070530 |
| 905 | @dD922.171@e644@s2 | |
| 科技法学/罗玉中主编.-武汉:华中科技大学出版社,2005 |
| 556页;23cm |
| 普通高等教育“十五”国家级规划教材 |
| ISBN 7-5609-3327-0:CNY45.00 |
| 本书共分八篇,内容包括科技法基本原理、科技进步的基本法律制度、研究开发法律制度、国际科技合作法律制度等。 |
| ● |
| 相关链接 |
|
|
|
|
正题名:科技法学
索取号:D922.171/644
 
预约/预借
| 序号 | 登录号 | 条形码 | 馆藏地/架位号 | 状态 | 备注 |
| 1 | 0581385 | 205813850 | 第一样本阅览室/ [索取号:D922.171/644] | 在馆 | |
| 2 | 0581386 | 205813869 | 第一借阅区/ [索取号:D922.171/644] | 在馆 |